| 000 | 00975cam a22001934a 4500 | ||
|---|---|---|---|
| 005 | 20250605164121.0 | ||
| 008 | 250528s ||||||||||||||||||||||||d | ||
| 035 | _a18267 | ||
| 020 | _a715391607 | ||
| 040 |
_aGR-AtMCL _bgre _dGR-AtMCL _eAACR2 |
||
| 245 | 1 | _aGrief / Rebuilding Your Life After Bereavement | |
| 260 |
_bDavid And Charles, _c1989 |
||
| 300 | _a160 | ||
| 520 | _aIf you are bereaved or grieving, or if you are facing the probable death of a loved one, this book offers you a unique source of understanding, guidance and support. Acknowledgements, Preparation for Bereavement, The Fear of Death, The Experience of Dying, The Care of the Dying, The Psychology of Grief, The Experience of Bereavement, How to Cope with Grief, Children and Bereavement, Immediate Practical Matters, Widowhood, The Importance of Health, Rebuilding Your Life, Books of Interest, Index. | ||
| 700 | 1 |
_aYoungson R. M _94545 |
|
| 942 | _cBK | ||
| 999 |
_c3636 _d3636 |
||